| 000 | 00725nam a22001697a 4500 | ||
|---|---|---|---|
| 999 |
_c15027 _d15027 |
||
| 003 | OSt | ||
| 082 | _2631.56 AKH/TE | ||
| 088 | _aP 112 | ||
| 100 |
_aAKHILA G. MOHAN _aLAKSHMI V. PRABHAKAR _aSMITHA ARAVINDAN _aSMITHA G. NAIR _92361 |
||
| 245 | _aTechnology for utilization of rice husk ash as an alternate material for concrete hollow blocks | ||
| 260 |
_aTavanur 2001 _bKelappaji College of Agricultural Engineering and Technology |
||
| 300 | _a51 | ||
| 500 | _aTechnology for utilization of rice husk ash as an alternate material for concrete hollow blocks | ||
| 520 | _aTechnology for utilization of rice husk ash as an alternate material for concrete hollow blocks | ||
| 700 |
_aDr. V Ganesn (Guide) _92324 |
||
| 942 | _cPR | ||